Tom Brady Quiz - Statistics

General Stats
  • This quiz has been taken 81 times
    38 since last reset
  • The average score is 7 of 15
Answer Stats
Question Answer % Correct
How many Super Bowls has Tom Brady won? Seven
100%
What year was Tom Brady drafted in? 2000
75%
Who was Tom Brady's head coach for 20 years? Bill Belichick
75%
What university did Tom Brady play for before he joined the NFL? Michigan
75%
Where is Tom Brady from? San Mateo, California
75%
How many points did Brady score in order to beat the Falcons in Super Bowl LI? 31
50%
Who was the quarterback that Tom Brady beat to win his first Super Bowl? Kurt Warner
50%
What installation of Madden did Brady appear on the cover of by himself? Madden 18
50%
What team does Tom Brady play for? Tampa Bay Buccaneers
50%
What is the name of Tom Brady's personal fitness brand? TB12
50%
How many games has Tom Brady missed throughout his entire career? Nineteen
25%
Who was Tom Brady's first playoff opponent? Oakland Raiders
25%
How many MVPs does Tom Brady have? Three
25%
How many regular season passing yards does Tom Brady have? 74,571
0%
Which of these brands does Tom Brady endorse? Uggs
0%
No matching quizzes found
Score Distribution
Percent of People with Each Score
Percentile by Number Answered
Your Score History
You have not taken this quiz since the last reset